Least most populous counties - Statistics

General Stats
  • This quiz has been taken 5 times
  • The average score is 21 of 37
Answer Stats
Population State Incorporated places Answer % Correct
65 HI No communities Kalawao
100%
208 TX King
100%
14 TX all 14 people live inthe county seat, Mentone Loving
100%
776 CO Silverton San Juan
100%
427 NE Arthur Arthur
80%
830 (Tie) NE Hayes Center, Hamlet Hayes
80%
762 CO Lake City Hinsdale
80%
905 MT Wibaux Wibaux
80%
651 NE Banner
60%
420 NE Brewster, Dunning Blaine
60%
845 AK Bristol Bay
60%
918 UT Dutch John, Manila Daggett
60%
734 NV Esmeralda
60%
842 MT Lavina, Ryegate Golden Valley
60%
646 NM Mosquero, Roy Harding
60%
668 NE Mullen Hooker
60%
830 (Tie) SD Murdo Jones
60%
369 TX Kenedy
60%
969 CO Creede Mineral
60%
546 MT Winnett Petroleum
60%
808 TX Miami Roberts
60%
656 ND Amidon, Marmarth Slope
60%
714 AK Its complicated =/ Yakutat
60%
798 ID Dubois, Spencer Clark
40%
611 NE Hyannis Grant
40%
727 TX Jayton Kent
40%
800 NE Burton, Springview Keya Paha
40%
591 NE Taylor Loup
40%
543 TX McMullen
40%
337 NE McPherson
40%
993 TX Matador,Roaring Springs Motley
40%
674 NE Thedford Thomas
40%
761 MT Hysham Treasure
40%
789 NE Bartlett, Ericson Wheeler
40%
562 TX Borden
20%
707 NE Stapleton, Gandy Logan
20%
673 TX Terrell
20%
No matching quizzes found
Score Distribution
Percent of People with Each Score
Percentile by Number Answered
Your Score History
You have not taken this quiz